书目信息 |
| 书名: | American sociolinguistics | |
| 作者: | Stephen O. Murray | |
| 分册号: | ||
| 分册名: | 出版地: | Beijing : |
|
| 出版社: | Beijing University Press | |
| 出版时间: | 2004. | |
| 页数: | 22, vi, 339 p. ; | |
| 开本: | 21 cm. | |
| 丛书名: | 西方语言学原版影印系列丛书 | |
| 中图分类号: | ||
| 科图分类号: | ||
| 其他分类号: | H0 | |
| 主题词: | ||
| 电子资源: | ||
| 000 | 01697nam 2200385 a 4500 | |
| 001 | E0756033061 | |
| 004 | 001121502 | |
| 004 | 001121502 | |
| 005 | 20070702153538.57 | |
| 008 | 001 0 eng | |
| 008 | 4001uueng0000000 | |
| 008 | 4001uueng0000000 | |
| 020 | @a7301068824 :@cCNY28.00. | |
| 040 | @aCcBjTSG @bchi | |
| 041 | 0 | @aeng@bchi@heng |
| 043 | @an-us--- | |
| 050 | 00 | @aP40.45.U5 @bM87 1998 |
| 082 | 00 | @a306.44/0973/0904 @221 |
| 090 | @aH0 | |
| 099 | @dH0@ex114 | |
| 100 | 1 | @aMurray, Stephen O. |
| 245 | 10 | @aAmerican sociolinguistics :@btheorists and theory groups / @cStephen O. Murray |
| 246 | 34 | @a美国社会语言学 : @b理论学家与理论团队 |
| 250 | @a影印版. | |
| 260 | @aBeijing :@bBeijing University Press,@c2004. | |
| 300 | @a22, vi, 339 p. ;@c21 cm. | |
| 440 | 0 | @a西方语言学原版影印系列丛书 ; @v10 |
| 500 | @aPrevious Rev. ed. of: Theory groups and the study of language in North America, c1992. | |
| 504 | @aIncludes bibliographical references (p. [267]-327) and index. | |
| 534 | @pReprint. Originally published: @cAmsterdam : J. Benjamins, c1998, @z155619532X. | |
| 546 | @aGeneral preface in Chinese, text in English. | |
| 650 | 0 | @aSociolinguistics @zUnited States @xHistory @y20th century. |
| 700 | 1 | @aMurray, Stephen O. @tTheory groups and the study of language in North America. @b01 @c20041224 @lNLC09 @h1456 @b40 @c20041229 @lNLC09 @h1001 @b40 @c20041229 @lNLC09 @h1004 @b40 @c20041229 @lNLC09 @h1004 @b40 @c20041229 @lNLC09 @h1006 @b40 @c20041229 @lNLC09 @h1022 @b40 @c20041229 @lNLC09 @h1028 @b40 @c20050204 @lNLC09 @h1615 |
| 852 | 0 | @bWWDY @k2-2005 @hH0-097.12 @iM981 |
| 852 | 0 | @bWWJC @cJ09 @k2-2005 @hH0-097.12 @iM981 |
| American sociolinguistics : : theorists and theory groups / / Stephen O. Murray.-影印版.-Beijing : : Beijing University Press, , 2004. |
| 22, vi, 339 p. ; ; 21 cm.- (西方语言学原版影印系列丛书 ; 10 ) |
| Previous Rev. ed. of: Theory groups and the study of language in North America, c1992.-Includes bibliographical references (p. [267]-327) and index.-General preface in Chinese, text in English. |
| ISBN 7301068824 :CNY28.00. |
| ● |
| 相关链接 |
|
|
|
|
正题名:American sociolinguistics
索取号:H0/x114
 
预约/预借
| 序号 | 登录号 | 条形码 | 馆藏地/架位号 | 状态 | 备注 |
| 1 | 12059 | 300120599 | 第二样本阅览室/ [索取号:H0/x114] | 在馆 | |
| 2 | 12060 | 300120606 | 第四借阅区/ [索取号:H0/x114] | 在馆 | |
| 3 | 12061 | 300120615 | 第四借阅区/ [索取号:H0/x114] | 在馆 | |
| 4 | 12062 | 300120624 | 第四借阅区/ [索取号:H0/x114] | 在馆 | |
| 5 | 12063 | 300120633 | 第四借阅区/ [索取号:H0/x114] | 在馆 | |
| 6 | 12064 | 300120642 | 第四借阅区/ [索取号:H0/x114] | 在馆 | |
| 7 | 12065 | 300120651 | 第四借阅区/ [索取号:H0/x114] | 在馆 | |
| 8 | 12066 | 300120660 | 第四借阅区/ [索取号:H0/x114] | 在馆 |